Normal view
MARC view
Entry Personal Name
001 - CONTROL NUMBER
- control field: 81982
003 - CONTROL NUMBER IDENTIFIER
- control field: OSt
005 - DATE AND TIME OF LATEST TRANSACTION
- control field: 20231029113818.0
008 - FIXED-LENGTH DATA ELEMENTS
- fixed length control field: 231029|| aca||aabn | a|a d
040 ## - CATALOGING SOURCE
- Original cataloging agency: OSt
- Transcribing agency: OSt
100 ## - HEADING--PERSONAL NAME
- Personal name: सिंह,विशाल कुमार
670 ## - SOURCE DATA FOUND
- Source citation: Work cat.: (OSt)66246: सिंह,विशाल कुमार , NTA UGC नेट / सेट / जेआरएफ पेपर -2 योग जूून 2019 से लागू By: पारीक,हनुमान, 2023









